Love Island 2019 - Statistics

General Stats
  • This quiz has been taken 887 times
  • The average score is 22 of 36
Answer Stats
Entered Result/Dumped Answer % Correct
Day 1 Winner Amber Gill
97%
Day 14 Dumped (day 25) Tom Walker
96%
Day 10 Fourth place Maura Higgins
95%
Day 4 Runner-up Molly-Mae Hague
95%
Day 1 Runner-up Tommy Fury
95%
Day 1 Fourth place Curtis Pritchard
93%
Day 1 Dumped (day 52) Anna Vakili
90%
Day 44 Winner Greg O'Shea
90%
Day 26 Dumped (day 30) Dan Rose
88%
Day 26 Third place Ovie Soko
84%
Day 14 Dumped (day 52) Jordan Hames
81%
Day 1 Dumped (day 49) Michael Griffiths
80%
Day 1 Walked (day 37) Amy Hart
79%
Day 44 Third place India Reynolds
77%
Day 1 Dumped (day 56) Anton Danyluk
73%
Day 1 Dumped (day 36) Lucie Donlan
71%
Day 26 Dumped (day 56) Belle Hassan
70%
Day 26 Dumped (day 42) Joanna Chimondes
64%
Day 1 Dumped (day 22) Yewande Biala
63%
Day 7 Dumped (day 36) Danny Williams
61%
Day 1 Dumped (day 16) Joe Garratt
61%
Day 37 Dumped (day 52) Chris Taylor
58%
Day 18 Dumped (day 25) Arabella Chi
57%
Day 1 Dumoed (day 5) Callum Macleod
49%
Day 1 Removed (day 9) Sherif Lanre
49%
Day 10 Dumoed (day 16) Elma Pazar
43%
Day 44 Dumped (day 52) Harley Brash
43%
Day 26 Dumped (day 36) George Rains
38%
Day 26 Dumped (day 36) Jourdan Riane
37%
Day 37 Dumped (day 49) Francesca Allen
36%
Day 26 Dumped (day 39) Marvin Brooks
31%
Day 26 Dumped (day 30) Dennon Lewis
19%
Day 26 Dumped (day 30) Maria Wild
19%
Day 26 Dumped (day 30) Stevie Bradley
18%
Day 26 Dumped (day 30) Lavena Black
17%
Day 26 Dumped (day 30) Nabila Badda
17%
No matching quizzes found
Score Distribution
Percent of People with Each Score
Percentile by Number Answered
Your Score History
You have not taken this quiz